Los Recursos administrativos especiales : una visión práctica / Manuel Táboas Bentanachs una visión práctica / Manuel Táboas Bentanachs
ISBN:
84-96283-15-1
Descripción Física:
375 p. ; 21 cm
MARC
| LEADER | 00000nam a2200000Ia 4500 | ||
|---|---|---|---|
| 001 | 19194 | ||
| 008 | 160829s2005 xx 000 0 cat d | ||
| 020 | |a 84-96283-15-1 | ||
| 080 | |a M-5-430 | ||
| 100 | |a Táboas Bentanachs, Manuel |9 45304 | ||
| 245 | |a Los Recursos administrativos especiales : |b una visión práctica / Manuel Táboas Bentanachs | ||
| 260 | |a Barcelona : |b Experiencia, |c 2005 | ||
| 300 | |a 375 p. ; |c 21 cm | ||
| 650 | 0 | |a Administració pública |z Espanya |9 19075 | |
| 650 | 0 | |a Dret administratiu |z Espanya |9 23238 | |
| 650 | 0 | |a Recursos administratius |x Espanya |9 45305 | |
| 901 | |a Arxiu | ||
| 942 | |n 1 | ||
| 952 | |0 0 |1 0 |4 0 |6 M5430 |7 1 |9 52499 |a Arxiu |b Arxiu |d 2016-12-01 |l 0 |o M-5-430 |p 19194 |r 2016-12-01 00:00:00 |w 2016-12-01 |y ARXIU | ||
| 999 | |c 56347 |d 56347 | ||